| 000 | 00759nam a22002055i 4500 | ||
|---|---|---|---|
| 001 | 157717 | ||
| 003 | ES-MaACL | ||
| 005 | 20250728110715.0 | ||
| 008 | 000214s1873 fr |||| | fre d | ||
| 040 |
_aCCPB | B _bspa _cCCPB | B |
||
| 100 | 1 |
_aLichtenberger, Frédéric ( _d1832-1899) _9128942 |
|
| 245 | 1 | 0 |
_aHistoire des idées religieuses en Allemagne _b: depuis le millieu du XVIIIe siècle jusqu´a nos jours / _cpar F. Lichtenberger. |
| 260 |
_aParis : _bSandoz et Fischbacher, éditeurs, _c1873. |
||
| 300 |
_a3 v. ; _c22 cm. |
||
| 650 | 7 |
_aReligión _2embne _916797 |
|
| 752 |
_aFrancia - _dParís |
||
| 852 |
_aES-MaACL _jD-4608-4610 _z-- Enc. cartón |
||
| 852 |
_aES-MaACL _jG-8099-8101 _z-- Enc. cartón |
||
| 999 |
_c157717 _d157717 |
||